Luci di civiltà : storia per la scuola media. Vol. III : l'età del Risorgimento Italiano
Saved in:
| Main Author: | |
|---|---|
| Format: | Book |
| Language: | Italian |
| Published: |
Torino
G. B. Paravia e C.
1956
|
| Textbook Catalogue: | EDISCO: Library Catalog Search Result |
| Textbook Classification: | |
| Tags: |
Add Tag
No Tags, Be the first to tag this record!
|
| Added to: | 2016-04-30 |
| Changed in: | 2017-10-04 |
MARC
| LEADER | 00000aam a22000007 4500 | ||
|---|---|---|---|
| 001 | 11619 | ||
| 003 | OSt | ||
| 005 | 20171004085227.0 | ||
| 008 | 160501s1956 it 000 0 ita | ||
| 040 | |c Elena Facco - Padova - CUBI | ||
| 041 | 1 | |a ita | |
| 100 | 1 | |a Bosisio, Alfredo | |
| 245 | 0 | 0 | |a Luci di civiltà : storia per la scuola media. Vol. III : l'età del Risorgimento Italiano |
| 260 | |a Torino |b G. B. Paravia e C. |c 1956 | ||
| 300 | |a 258 p., [4, 3/x ; |c in 8° | ||
| 510 | 3 | |a L. 900 | |
| 901 | |a 7 | ||
| 942 | |2 ddc |c BK | ||
| 546 | |a ita | ||
| 999 | |c 11608 |d 11608 | ||
| 999 | |c edisco:11608 |d 11608 | ||